000 00382nam a22001577a 4500
005 20211208140016.0
008 211208b ||||| |||| 00| 0 eng d
040 _c
082 _a398.8095493
_bGOG
100 _aGOGOI, DR. LEELA
_eAUTHOR
245 _aBIHU : ETI SAMIKHYA
_hASM
250 _a2ND
260 _aGHY
_bGRANTHAPEETH
_c1987
300 _a122;P
_c22CM
942 _2ddc
_cBK
999 _c24744
_d24744